00349nam a22001337a 4500020001800000082001600018100002000034245003900054250000800093260003200101300000900133490002200142650005100164 a9780070589391 a616.079 PIN aPinchuk, George aSc haum's outlines Of Immunology  a1st aindiabTata Mcgraw Hill2004 a318p aschaum's outlines aBiochemistry, MathematicsaImmunology,medicine